[Event "US Open - Barber K-8"]
[Site "Vancouver, WA"]
[Date "2012.08.06"]
[Round "3"]
[White "He, Tommy (TX)"]
[Black "Feng, Roland  (WA)"]
[Result "1-0"]
[WhiteElo "2203"]
[BlackElo "2204"]
[PlyCount "105"]

1.e4 e6 2.d4 d5 3.Nd2 Nf6 4.e5 Nfd7 5.Bd3 c5 6.c3 Nc6 7.Ne2 Qb6
8.Nf3 cxd4 9.cxd4 f6 10.exf6 Nxf6 11.O-O Bd6 12.b3 O-O 13.Bf4
Qc7 14.Bxd6 Qxd6 15.Ng3 e5 16.dxe5 Nxe5 17.Nxe5 Qxe5 18.Qe2 Qd6
19.Rae1 Bg4 20.Qe7 Qb6 21.Rc1 Rae8 22.Qc5 Qxc5 23.Rxc5 Rc8 24.Rfc1
b6 25.Rc7 Rxc7 26.Rxc7 Rf7 27.Rc1 g6 28.f3 Be6 29.Ne2 Nd7 30.Nd4
Nc5 31.Rxc5 bxc5 32.Nxe6 a5 33.Kf2 Re7 34.Nxc5 Kf7 35.a3 Kf6
36.f4 Rc7 37.b4 axb4 38.axb4 Ke7 39.Ke3 Kd6 40.Kd4 Rf7 41.g3
Rc7 42.Bc2 Re7 43.Bd3 Re1 44.b5 Ra1 45.b6 Kc6 46.b7 Kc7 47.Kxd5
Ra2 48.Be4 Ra5 49.Kc4 Ra2 50.Nd7 Ra4+ 51.Kb5 Rxe4 52.b8Q+ Kxd7
53.Qb7+ 1-0

[Event "US Open - Barber K-8"]
[Site "Vancouver, WA"]
[Date "2012.08.05"]
[Round "3"]
[White "Tang, Andrew (MN)"]
[Black "Wlezien, Alexander (PA)"]
[Result "1/2-1/2"]
[WhiteElo "2253"]
[BlackElo "1999"]
[PlyCount "73"]

1.d4 Nf6 2.c4 e6 3.Nc3 Bb4 4.e3 b6 5.Bd3 c5 6.Nf3 cxd4 7.exd4
O-O 8.O-O Bb7 9.Bg5 h6 10.Bh4 Be7 11.Re1 d6 12.Qe2 Nbd7 13.Bg3
Nh5 14.Rac1 Nxg3 15.hxg3 Rc8 16.Nd2 Nf6 17.d5 e5 18.Nb5 a6 19.Na3
Nd7 20.Nc2 Nc5 21.Bf5 Rc7 22.b4 Nd7 23.Bd3 f5 24.Nd4 e4 25.Bb1
Rf6 26.g4 g6 27.gxf5 gxf5 28.Qh5 Qf8 29.g4 Ne5 30.gxf5 Qf7 31.Qh3
Qg7+ 32.Kh1 Ng4 33.Nxe4 Bc8 34.f3 h5 35.fxg4 hxg4 36.Nxf6+ Bxf6
37.Re8+ 1/2-1/2

[Event "US Open - Barber K-8"]
[Site "Vancouver, WA"]
[Date "2012.08.06"]
[Round "4"]
[White "Feng, Maggie (OH)"]
[Black "Jiang, Nathan (ID)"]
[Result "1-0"]
[WhiteElo "2058"]
[BlackElo "1895"]
[PlyCount "59"]

1.e4 c5 2.c3 d5 3.exd5 Qxd5 4.d4 cxd4 5.cxd4 Nc6 6.Nf3 Bg4 7.Nc3
Qd8 8.d5 Bxf3 9.Qxf3 Ne5 10.Qe4 Nd7 11.Bb5 Ngf6 12.Qf3 g6 13.d6
a6 14.Bxd7+ Qxd7 15.O-O Qxd6 16.Qxb7 Rd8 17.Bg5 Rb8 18.Qf3 Qb6
19.Rfe1 Bg7 20.Rxe7+ Kf8 21.Rae1 Qd6 22.Bf4 Qd8 23.Bxb8 Qxb8
24.Rb7 Qd6 25.Rd1 Qe6 26.Ne4 h6 27.Nc5 Qxa2 28.Rd8+ Ne8 29.Rxe8+
Kxe8 30.Qc6+ 1-0

[Event "US Open - Denker HS"]
[Site "Vancouver, WA"]
[Date "2012.08.06"]
[Round "4"]
[White "Aaron, Deepak (NY)"]
[Black "Brown, Michael (CA)"]
[Result "1/2-1/2"]
[WhiteElo "2353"]
[BlackElo "2367"]
[PlyCount "116"]

1.e4 e5 2.Nf3 Nc6 3.Bc4 Bc5 4.c3 Nf6 5.d3 d6 6.Nbd2 a6 7.Bb3
O-O 8.O-O Ba7 9.h3 h6 10.Re1 Re8 11.Nf1 Be6 12.Be3 d5 13.Bxa7
Rxa7 14.Ng3 Ra8 15.Qe2 Qe7 16.Ba4 b5 17.Bc2 dxe4 18.Nxe4 Nd7
19.Ng3 f5 20.d4 e4 21.Nd2 Qd6 22.Rad1 g6 23.Ndxe4 fxe4 24.d5
Bxd5 25.Rxd5 Qe7 26.Nxe4 Kg7 27.Qf3 Rad8 28.Qg3 Nf6 29.Rxd8 Rxd8
30.Re3 Nh5 31.Qg4 Ne5 32.Ng3 Nxg4 33.Rxe7+ Kf6 34.Rxc7 Nxg3 35.Rc6+
Ke5 36.hxg4 Ne2+ 37.Kh2 Rd2 38.Bxg6 Nf4 39.Kg3 Ne2+ 40.Kf3 Ng1+
41.Ke3 Re2+ 42.Kd3 Rxf2 43.Bf5 Rxb2 44.Re6+ Kf4 45.Re1 Rxg2 46.a4
Nf3 47.Re4+ Kg5 48.axb5 axb5 49.Rb4 Ne5+ 50.Ke4 Re2+ 51.Kd5 h5
52.Be4 Nxg4 53.Rxb5 Kf4 54.Bd3 Re5+ 55.Kd6 Rxb5 56.Bxb5 Ne5 57.Bf1
h4 58.c4 Nxc4+ 1/2-1/2

[Event "US Open - Denker HS"]
[Site "Vancouver, WA"]
[Date "2012.08.07"]
[Round "6"]
[White "Shetty, Atulya (MI)"]
[Black "Brown, Michael (CA)"]
[Result "1/2-1/2"]
[WhiteElo "2400"]
[BlackElo "2367"]
[PlyCount "87"]

1.c4 e5 2.g3 Nc6 3.Nc3 g6 4.Bg2 Bg7 5.d3 d6 6.Rb1 a5 7.a3 f5
8.b4 axb4 9.axb4 Nf6 10.Nd5 h6 11.b5 Ne7 12.Nxf6+ Bxf6 13.Nf3
Be6 14.O-O g5 15.Bb2 O-O 16.Nd2 c6 17.Kh1 Qd7 18.bxc6 bxc6 19.e3
Kg7 20.d4 Rab8 21.Qc2 g4 22.f3 h5 23.dxe5 Bxe5 24.f4 Bxb2 25.Rxb2
Rxb2 26.Qxb2+ Kg8 27.e4 Ng6 28.Qb6 Rc8 29.Ra1 Rc7 30.Ra8+ Kh7
31.exf5 Bxf5 32.Ne4 Kh6 33.Qd4 Rb7 34.Ra1 Bxe4 35.Bxe4 Qg7 36.Qd1
d5 37.cxd5 cxd5 38.Bxg6 Qxg6 39.Qxd5 Rb1+ 40.Rxb1 Qxb1+ 41.Kg2
Qc2+ 42.Kg1 Qc1+ 43.Kf2 Qc2+ 44.Kg1 1/2-1/2

[Event "US Open - Denker HS"]
[Site "Vancouver, WA"]
[Date "2012.08.05"]
[Round "3"]
[White "Vibbert, Sean (IN)"]
[Black "Nakagawa, Eldon (HI)"]
[Result "1-0"]
[WhiteElo "2315"]
[BlackElo "2079"]
[PlyCount "91"]

1.e4 e6 2.d4 d5 3.Nc3 Bb4 4.Nge2 dxe4 5.a3 Be7 6.Nxe4 Nd7 7.Be3
Ngf6 8.Nxf6+ Nxf6 9.c4 O-O 10.Nc3 c6 11.Bd3 Qc7 12.Qc2 h6 13.O-O-O
Ng4 14.Kb1 Nxe3 15.fxe3 e5 16.d5 f5 17.e4 f4 18.Qe2 Bc5 19.Qh5
a5 20.Rhf1 Kh7 21.Qe2 Bd4 22.Na4 c5 23.Qc2 Bd7 24.Be2 Rf6 25.Nc3
Raf8 26.Nb5 Bxb5 27.cxb5 b6 28.Rxd4 exd4 29.e5+ Rf5 30.g4 fxg3
31.Rxf5 Rxf5 32.Qxf5+ g6 33.Qf3 gxh2 34.d6 Qd7 35.Bc4 a4 36.Ka2
h5 37.Qg2 d3 38.Qxh2 Qg4 39.Bxd3 c4 40.Bc2 c3 41.b3 Kg7 42.bxa4
h4 43.Qf2 Qe6+ 44.Bb3 Qxe5 45.Qf7+ Kh6 46.Qf8+ 1-0

[Event "US Open - Denker HS"]
[Site "Vancouver, WA"]
[Date "2012.08.06"]
[Round "5"]
[White "Brown, Michael (CA)"]
[Black "Cao, Kevin (MO)"]
[Result "1-0"]
[WhiteElo "2367"]
[BlackElo "2254"]
[PlyCount "116"]

1.d4 d5 2.c4 e6 3.Nc3 Nf6 4.cxd5 exd5 5.Bg5 c6 6.e3 Bf5 7.Qf3
Bg6 8.Bxf6 Qxf6 9.Qxf6 gxf6 10.Nge2 Bd6 11.g3 Nd7 12.Bg2 f5 13.O-O
O-O 14.h4 Rfe8 15.Nf4 Nf6 16.Nce2 h6 17.Rfc1 Ne4 18.Rc2 Kg7 19.Bf3
a5 20.Nc1 Ra6 21.Be2 Rb6 22.Ncd3 Bxf4 23.Nxf4 Nd6 24.Rb1 f6 25.Bd3
Bf7 26.Re2 Ne4 27.f3 Nd6 28.Kf2 Rc8 29.Rc2 a4 30.Rg1 Nc4 31.g4
fxg4 32.Rxg4+ Kf8 33.Ng6+ Bxg6 34.Rxg6 Nxb2 35.Bf5 Re8 36.Rxf6+
Kg7 37.Rg6+ Kf7 38.Rg1 Kf6 39.e4 a3 40.Rg6+ Kf7 41.Rxh6 Nc4 42.e5
Re7 43.Rh7+ Kf8 44.Rh8+ Kg7 45.Rh7+ Kf8 46.Rxe7 Kxe7 47.f4 Ra6
48.h5 b5 49.h6 b4 50.h7 Ra8 51.Rc1 Kf7 52.Bd7 Nb2 53.Ke2 Rh8
54.Bxc6 Ke6 55.Rh1 b3 56.Rh6+ Kf5 57.Bxd5 bxa2 58.Kf3 a1N 1-0

[Event "US Open - Denker HS"]
[Site "Vancouver, WA"]
[Date "2012.08.06"]
[Round "5"]
[White "Griggs, Walker (OH)"]
[Black "Aaron, Deepak (NY)"]
[Result "0-1"]
[WhiteElo "2268"]
[BlackElo "2353"]
[PlyCount "79"]

1.e4 e5 2.Nf3 Nc6 3.Bb5 a6 4.Ba4 Nf6 5.d3 b5 6.Bb3 Bc5 7.c3 d6
8.O-O Bb6 9.a4 Rb8 10.h3 O-O 11.Bg5 Be6 12.Bc2 h6 13.Bh4 g5 14.Bg3
b4 15.d4 b3 16.Bd3 exd4 17.cxd4 Nxd4 18.Nc3 Nd7 19.e5 Nxf3+ 20.Qxf3
dxe5 21.Rad1 Bd4 22.Bxa6 Qf6 23.Qe2 Nc5 24.Rxd4 exd4 25.Be5 Qf5
26.Bxd4 Nxa6 27.f4 Rb4 28.fxg5 Bc4 29.Rxf5 Bxe2 30.Nxe2 Re8 31.Kf2
Rxe2+ 32.Kxe2 Rxd4 33.Ra5 Nb4 34.gxh6 Rc4 35.Rb5 c5 36.a5 Rc2+
37.Ke3 Rxb2 38.Rxc5 Ra2 39.Rb5 Ra4 40.Rg5+ 0-1

[Event "US Open - Denker HS"]
[Site "Vancouver, WA"]
[Date "2012.08.06"]
[Round "5"]
[White "Schmakel, Sam (IL)"]
[Black "Vibbert, Sean (IN)"]
[Result "1/2-1/2"]
[WhiteElo "2244"]
[BlackElo "2315"]
[PlyCount "76"]

1.c4 e6 2.g3 d5 3.Bg2 Nf6 4.Nf3 dxc4 5.Na3 Bxa3 6.bxa3 b5 7.Ne5
Nd5 8.d3 Qf6 9.d4 Nd7 10.O-O Nxe5 11.dxe5 Qe7 12.Bxd5 exd5 13.Qxd5
Rb8 14.Be3 Be6 15.Qc6+ Qd7 16.Qc5 Qd5 17.Qxd5 Bxd5 18.Rfd1 Be4
19.Bxa7 Ra8 20.Bc5 Bc2 21.Rd2 Ba4 22.Bb4 Rd8 23.Rxd8+ Kxd8 24.Rb1
Kc8 25.Rb2 Rd8 26.Rd2 Rxd2 27.Bxd2 Kd7 28.f3 Ke6 29.Bc3 Bc2 30.Kf2
Bb1 31.e4 Bxa2 32.Ke3 g6 33.g4 Bb1 34.Kf4 Bd3 35.h4 Bc2 36.Bd2
Bb1 37.Bc3 Bd3 38.Bd2 Bb1 1/2-1/2

[Event "US Open - Denker HS"]
[Site "Vancouver, WA"]
[Date "2012.08.06"]
[Round "5"]
[White "Yang, Darwin (TX)"]
[Black "Shetty, Atulya (MI)"]
[Result "1/2-1/2"]
[WhiteElo "2594"]
[BlackElo "2400"]
[PlyCount "99"]

1.d4 d5 2.c4 c6 3.Nf3 Nf6 4.e3 a6 5.Nc3 g6 6.Bd3 Bg7 7.h3 O-O
8.O-O dxc4 9.Bxc4 b5 10.Bd3 c5 11.Qe2 cxd4 12.exd4 Nc6 13.Rd1
Nb4 14.Bb1 Nbd5 15.Ne4 Nxe4 16.Bxe4 Bb7 17.Bg5 h6 18.Bd2 Rc8
19.Ne5 Qd6 20.Rac1 Rxc1 21.Rxc1 Rc8 22.Re1 Ba8 23.Qf3 f5 24.Bd3
Nb4 25.Bxb4 Qxb4 26.Qe3 Qd6 27.g4 Bxe5 28.Qxe5 Qxe5 29.dxe5 Rd8
30.Rd1 Kg7 31.Bc2 Rxd1+ 32.Bxd1 Bd5 33.a3 f4 34.b4 Kf7 35.Bc2
Ke6 36.Bxg6 Kxe5 37.Kf1 Kd4 38.h4 Kc3 39.Ke2 Kb2 40.Kd2 Kxa3
41.Kc3 e5 42.h5 e4 43.g5 hxg5 44.h6 Bg8 45.Bxe4 g4 46.h7 Bxh7
47.Bxh7 g3 48.fxg3 fxg3 49.Be4 Ka4 50.Bc2+ 1/2-1/2

[Event "US Open - Quads"]
[Site "Vancouver, WA"]
[Date "2012.08.07"]
[Round "1"]
[White "Guadalupe, Francisco (TX)"]
[Black "Sinanan, Joshua (WA)"]
[Result "0-1"]
[WhiteElo "2305"]
[BlackElo "2262"]
[PlyCount "72"]

1.e4 c5 2.Nf3 e6 3.d4 cxd4 4.Nxd4 a6 5.Bd3 Bc5 6.Nb3 Be7 7.O-O
d6 8.Nc3 Nf6 9.f4 Nbd7 10.a4 b6 11.Qe2 Qc7 12.Be3 O-O 13.Rae1
Bb7 14.g4 Nc5 15.Nxc5 bxc5 16.g5 c4 17.gxf6 cxd3 18.cxd3 Bxf6
19.d4 g6 20.Rc1 Qd7 21.Rfd1 Rac8 22.Qd3 Bg7 23.b4 f5 24.e5 dxe5
25.fxe5 f4 26.Bf2 Rf5 27.Kf1 Rh5 28.h4 g5 29.Ne4 g4 30.Rxc8+
Qxc8 31.Nd6 Qc6 32.d5 Qxd5 33.Nxb7 Qxb7 34.Qd8+ Bf8 35.Qe8 Qh1+
36.Ke2 Rxe5+ 0-1

[Event "US Open - Quads"]
[Site "Vancouver, WA"]
[Date "2012.08.06"]
[Round "1"]
[White "Roland, Jeffrey (ID)"]
[Black "Strohbehn, Jon (WA)"]
[Result "1/2-1/2"]
[WhiteElo "1700"]
[BlackElo "1551"]
[PlyCount "116"]

{Game/30;d5} 1.e4 e6 2.d4 d5 3.Nd2 Be7 4.Ngf3 Nf6 5.Bd3 c5 6.dxc5
dxe4 7.Nxe4 Nxe4 8.Bxe4 Qxd1+ 9.Kxd1 Bxc5 10.Ke2 Nd7 11.Rd1 Nf6
12.Bg5 Be7 13.Bd3 Nd5 14.Bb5+ Kf8 15.Bxe7+ Kxe7 16.Rd4 Nc7 17.Ba4
Rd8 18.Rxd8 Kxd8 19.Rd1+ Ke7 20.c4 f6 21.Nd4 g6 22.a3 a6 23.b4
e5 24.Nf3 Bg4 25.h3 Bxf3+ 26.Kxf3 b5 27.Bb3 Ne6 28.Ke4 Nd4 29.Rd3
Nxb3 30.Rxb3 bxc4 31.Rc3 Rc8 32.Kd5 Rd8+ 33.Ke4 Rd4+ 34.Ke3 f5
35.g3 Kd6 36.f4 Rd3+ 37.Rxd3+ cxd3 38.Kxd3 e4+ 39.Kd4 Kc6 40.a4
Kd6 41.Kc4 e3 42.Kd3 Kd5 43.Kxe3 Kc4 44.b5 axb5 45.a5 Kc5 46.Kd3
b4 47.a6 Kb6 48.a7 Kxa7 49.Kc4 Kb6 50.Kxb4 Kc6 51.Kc4 Kd6 52.Kd4
Ke6 53.Kc5 h6 54.h4 h5 55.Kc6 Ke7 56.Kd5 Kd7 57.Ke5 Ke7 58.Kd5
Kd7 1/2-1/2

[Event "US Open - Quads"]
[Site "Vancouver, WA"]
[Date "2012.08.08"]
[Round "2"]
[White "Lee, Boas (WA)"]
[Black "Sankrithi, Siva (WA)"]
[Result "1/2-1/2"]
[WhiteElo "1543"]
[BlackElo "1510"]
[PlyCount "66"]

1.e4 e5 2.Nf3 Nf6 3.Nc3 Nc6 4.Bc4 Bc5 5.O-O O-O 6.d3 h6 7.a3
Re8 8.Re1 Na5 9.Ba2 Bb6 10.Na4 d6 11.h3 Be6 12.b4 Nc6 13.c3 Bxa2
14.Rxa2 d5 15.exd5 Qxd5 16.c4 Qe6 17.Rae2 a6 18.Bb2 Qd7 19.c5
Ba7 20.Nxe5 Nxe5 21.Rxe5 Rad8 22.Rxe8+ Nxe8 23.Re3 b6 24.Qc2
b5 25.Nc3 Nd6 26.Rf3 Nf5 27.Ne4 Nd4 28.Bxd4 Qxd4 29.Qb3 Qa1+
30.Kh2 Qe5+ 31.Rg3 Bb8 32.c6 Qd4 33.Rf3 Qe5+ 1/2-1/2

[Event "US Open - Quads"]
[Site "Vancouver, WA"]
[Date "2012.08.06"]
[Round "2"]
[White "Mulligan, James (WA)"]
[Black "Roland, Jeffrey (ID)"]
[Result "0-1"]
[WhiteElo "1654"]
[BlackElo "1700"]
[PlyCount "100"]

{Game/30;d5} 1.c4 Nf6 2.Nc3 e6 3.e4 d5 4.e5 d4 5.exf6 dxc3 6.fxg7
cxd2+ 7.Bxd2 Bxg7 8.Rb1 O-O 9.Nf3 Nc6 10.Qc2 f5 11.Be2 e5 12.Bc3
e4 13.Bxg7 Kxg7 14.Nd2 Qf6 15.Nb3 Nb4 16.Qd2 Nd3+ 17.Bxd3 Rd8
18.Qf4 Rxd3 19.Qxc7+ Bd7 20.Qxb7 Rc8 21.Qxa7 Rxc4 22.Nc5 Qe7
23.Nxd7 Rxd7 24.Qe3 Qb4+ 25.Kf1 Qd2 26.Qxd2 Rxd2 27.b4 Rcc2 28.b5
Rxf2+ 29.Ke1 Rxa2 30.g3 Rfb2 31.Rxb2 Rxb2 32.Rf1 Kg6 33.h3 Rxb5
34.Ke2 Rb3 35.Rg1 h5 36.Kf2 Kg5 37.Re1 Rb2+ 38.Ke3 Rb3+ 39.Kf2
Rf3+ 40.Kg2 Rd3 41.Rf1 Rd2+ 42.Kg1 e3 43.Re1 f4 44.gxf4+ Kxf4
45.Kf1 Kf3 46.Rc1 Rh2 47.Kg1 Rg2+ 48.Kf1 e2+ 49.Ke1 Rg1+ 50.Kd2
Rxc1 0-1

[Event "US Open - Quads"]
[Site "Vancouver, WA"]
[Date "2012.08.07"]
[Round "2"]
[White "Sinanan, Joshua (WA)"]
[Black "Mo, Kevin (PA)"]
[Result "0-1"]
[WhiteElo "2262"]
[BlackElo "2309"]
[PlyCount "53"]

1.d4 d5 2.c4 c6 3.Nf3 Nf6 4.e3 e6 5.Bd3 Ne4 6.O-O Bd6 7.b3 O-O
8.Ba3 Bxa3 9.Nxa3 Qe7 10.Qc1 Nd7 11.Qb2 b6 12.b4 Bb7 13.Rfc1
a5 14.b5 c5 15.Nb1 Rac8 16.Nbd2 Nxd2 17.Nxd2 cxd4 18.exd4 dxc4
19.Nxc4 g6 20.a4 Rc7 21.Rc3 Rfc8 22.Rac1 Bd5 23.Ne3 Nf6 24.Rxc7
Rxc7 25.Rxc7 Qxc7 26.h3 Kg7 27.Bf1 0-1

[Event "US Open - Quads"]
[Site "Vancouver, WA"]
[Date "2012.08.06"]
[Round "3"]
[White "Rodriguez, Odysseus (WA)"]
[Black "Roland, Jeffrey (ID)"]
[Result "1-0"]
[WhiteElo "1655"]
[BlackElo "1700"]
[PlyCount "97"]

{Game/30;d5} 1.d4 Nf6 2.c4 g6 3.Nc3 d5 4.Nf3 c6 5.e3 Bg7 6.b4
O-O 7.Bb2 Bg4 8.Be2 dxc4 9.Bxc4 Nbd7 10.h3 Bxf3 11.Qxf3 Nb6 12.Bb3
e6 13.O-O Nfd5 14.a3 Qf6 15.Qe2 Rfe8 16.Ne4 Qe7 17.Nc5 e5 18.dxe5
Bxe5 19.Bxe5 Qxe5 20.Nxb7 Re6 21.Nc5 Rf6 22.Bxd5 cxd5 23.Rac1
d4 24.Qb2 Rd8 25.exd4 Qxd4 26.Qxd4 Rxd4 27.Rfd1 Rfd6 28.Rxd4
Rxd4 29.Rc3 Rd2 30.a4 Rd4 31.Rb3 Rc4 32.a5 Nd5 33.Nd3 Rc3 34.Rxc3
Nxc3 35.Kf1 f6 36.Ke1 Kf8 37.Kd2 Nb5 38.Nc5 Ke7 39.Kd3 f5 40.f4
Kd6 41.Kc4 Na3+ 42.Kb3 Nb5 43.a6 Kc6 44.Ka4 Nc3+ 45.Ka5 Nb5 46.Ne6
h6 47.Nd8+ Kd7 48.Kxb5 Kxd8 49.Kc6 1-0

[Event "US Open - Quads"]
[Site "Vancouver, WA"]
[Date "2012.08.07"]
[Round "3"]
[White "Sankrithi, Siva (WA)"]
[Black "Lee, Boas (WA)"]
[Result "1-0"]
[WhiteElo "1510"]
[BlackElo "1543"]
[PlyCount "72"]

1.e4 e5 2.Nf3 Nc6 3.d4 exd4 4.Bc4 d6 5.Nxd4 Nf6 6.Nc3 Be7 7.Bb5
Bd7 8.Bxc6 bxc6 9.O-O O-O 10.h3 c5 11.Nde2 c6 12.Bf4 d5 13.exd5
cxd5 14.Nxd5 Bb5 15.Nxe7+ Qxe7 16.Re1 Rfe8 17.Bd2 Ne4 18.Nc3
Nxc3 19.Rxe7 Nxd1 20.Rxd1 {?} ( 20.Rxe8+ {!} Rxe8 21.Rxd1 {}
Kf8 ) Kf8 {?} ( 20...Rxe7 {!} ) 21.Ree1 Rad8 22.Be3 Rxd1 23.Bxc5+
Kg8 24.Rxd1 h6 25.c3 a6 26.b3 Rc8 27.Bb4 Re8 28.c4 Bc6 29.Kf1
Re5 30.Rd6 Bb7 31.Rb6 Bc8 32.c5 Rd5 33.Rd6 Rxd6 34.cxd6 Bd7 35.Ke2
f5 36.Ke3 Kf7 1-0

[Event "US Open - Quads"]
[Site "Vancouver, WA"]
[Date "2012.08.07"]
[Round "3"]
[White "Sinanan, Joshua (WA)"]
[Black "Pupols, Viktors (WA)"]
[Result "0-1"]
[WhiteElo "2262"]
[BlackElo "2200"]
[PlyCount "65"]

1.d4 Nf6 2.c4 d6 3.Nf3 g6 4.Nc3 Bf5 5.g3 Ne4 6.Nxe4 Bxe4 7.Bg2
Bg7 8.O-O O-O 9.Be3 c6 10.Qd2 a6 11.Rfd1 Nd7 12.Rac1 Nf6 13.Bh6
Qd7 14.Bxg7 Kxg7 15.Qe3 Rfd8 16.h3 Qe8 17.g4 Bxf3 18.Bxf3 e6
19.g5 Nd7 20.Bg4 Qf8 21.f4 Kg8 22.Qg3 h5 23.Bf3 Qg7 24.e3 Rac8
25.b3 Qf8 26.Kh2 Qe7 27.h4 Nf8 28.Bg2 c5 29.d5 b5 30.e4 bxc4
31.Rxc4 Rb8 32.Qc3 exd5 33.exd5 0-1

[Event "US Open - Weekend Swiss"]
[Site "Vancouver, WA"]
[Date "2012.08.04"]
[Round "1"]
[White "Sinanan, Joshua (WA)"]
[Black "Sly, Douglas (CAN)"]
[Result "1-0"]
[WhiteElo "2263"]
[BlackElo "1614"]
[PlyCount "66"]

1.d4 e6 2.c4 Bb4+ 3.Bd2 Bxd2+ 4.Qxd2 Nf6 5.Nc3 d5 6.e3 O-O 7.Qc2
b6 8.cxd5 exd5 9.Nf3 Ba6 10.Bxa6 Nxa6 11.Qa4 Nb8 12.O-O Qd7 13.Qa3
Re8 14.b4 Nc6 15.Qb3 Rad8 16.Rac1 a6 17.Rc2 h6 18.Rfc1 Re6 19.a4
g5 20.b5 Na5 21.Qb4 Nc4 22.Nxd5 Nxd5 23.Qxc4 axb5 24.axb5 Rc8
25.Ne5 Qd6 26.Qc6 Qxe5 27.dxe5 Rxc6 28.Rxc6 Re8 29.e6 fxe6 30.e4
Nf4 31.Kf1 Rd8 32.Rxc7 Rd4 33.Rb7 Nd3 1-0

[Event "US Open - Weekend Swiss"]
[Site "Vancouver, WA"]
[Date "2012.08.04"]
[Round "2"]
[White "Allyn, Bob (OR)"]
[Black "Varner, Murlin (WA)"]
[Result "1-0"]
[WhiteElo "1731"]
[BlackElo "1663"]
[PlyCount "57"]

1.e4 e6 2.d4 d5 3.exd5 exd5 4.Bf4 Bd6 5.Qd2 Ne7 ( 5...Nf6 ) 6.Nf3
Nbc6 ( 6...O-O 7.Be2 Ng6 8.Bg3 Re8 9.Nc3 c6 10.O-O-O Bb4 11.a3
Bxc3 12.bxc3 Qe7 13.Rde1 Qxa3+ 14.Kb1 Nd7 15.c4 Nb6 16.Qd3 Qa5
17.Nd2 dxc4 18.Nxc4 Nxc4 19.Qxc4 Be6 20.Qd3 Qa2+ 21.Kc1 Rad8
22.Qc3 Rd7 23.Bg4 f5 24.Bxf5 Rdd8 25.Bxe6+ Rxe6 26.Rxe6 Qxe6
27.Re1 {1/2-1/2, Blagonadezhnaya Ideya (RUS) 2049 - Lakerbay Timur, Sukhumi (Georgia) 2006.08.07}
) 7.Bb5 O-O 8.Nc3 Nb4 9.Ba4 c6 10.a3 Bxf4 11.Qxf4 Ng6 12.Qg3
Re8+ 13.Kd2 Na6 14.Rae1 Be6 15.h4 h5 16.Re3 Ne7 17.Qg5 Bg4 18.Rhe1
f6 19.Qf4 Qd7 20.Nd1 Ng6 ( 20...Nc7 ) 21.Qg3 Rxe3 22.Nxe3 Bxf3
{?} 23.Qxf3 Qc7 24.g3 Qa5+ 25.c3 Qxa4 26.Qxh5 Kf7 {??}
( 26...Ne5 27.dxe5 Nc5 ) 27.Nf5 Qb3 28.Kc1 Qc4 29.Nd6+ 1-0

[Event "US Open - Weekend Swiss"]
[Site "Vancouver, WA"]
[Date "2012.08.04"]
[Round "2"]
[White "Heublum, Harry (NY)"]
[Black "Sinanan, Joshua (WA)"]
[Result "0-1"]
[WhiteElo "1842"]
[BlackElo "2263"]
[PlyCount "62"]

1.d4 Nf6 2.Nf3 e6 3.e3 b6 4.Bd3 Bb7 5.Nbd2 c5 6.O-O d6 7.b3 Be7
8.Bb2 O-O 9.c4 Nc6 10.a3 cxd4 11.exd4 d5 12.Re1 Rc8 13.Rc1 Nb8
14.Ne5 Nbd7 15.Re3 g6 16.f4 Nxe5 17.fxe5 Nd7 18.Rh3 Bg5 19.Qe2
f5 20.Rf1 Rf7 21.Nf3 Be7 22.Bc1 Nf8 23.a4 dxc4 24.bxc4 Bxf3 25.Rhxf3
Qxd4+ 26.Kh1 Bc5 27.Rd1 Qh4 28.Rff1 Rfc7 29.Qa2 Bb4 30.Ba3 Qe7
31.Bxb4 Qxb4 0-1

[Event "US Open - Weekend Swiss"]
[Site "Vancouver, WA"]
[Date "2012.08.04"]
[Round "3"]
[White "Baer, Steve (NY)"]
[Black "Varner, Murlin (WA)"]
[Result "0-1"]
[WhiteElo "1374"]
[BlackElo "1663"]
[PlyCount "48"]

1.e4 e6 2.d4 d5 3.Nd2 Nc6 4.Ngf3 g6 5.e5 Bg7 6.b3 {%08DA} Nge7
7.Ba3 O-O 8.c3 Re8 9.Bd3 f6 10.exf6 Bxf6 11.O-O e5 12.dxe5 Nxe5
13.Nxe5 Bxe5 14.Qc2 Nf5 15.Nf3 Qf6 16.Bb2 c6 ( 16...Bd7 ) 17.Rfe1
Nh4 {??} ( 17...Bd7 ) 18.Nxe5 {??} ( 18.Nxh4 Qxh4 19.g3 ) Rxe5
19.c4 {??} Rxe1+ 20.Rxe1 Qg5 21.g3 {??} ( 21.Bf1 Nf3+ 22.Kh1
Nxe1 23.Qc3 Kf7 24.Qg7+ {=} ) Nf3+ 22.Kf1 Bh3+ 23.Ke2 Re8+ 24.Kxf3
Qg4# 0-1

[Event "US Open - Weekend Swiss"]
[Site "Vancouver, WA"]
[Date "2012.08.04"]
[Round "3"]
[White "Sinanan, Joshua (WA)"]
[Black "Rajasekaran, Vikas (VA)"]
[Result "1-0"]
[WhiteElo "2263"]
[BlackElo "1950"]
[PlyCount "70"]

1.d4 Nf6 2.c4 e6 3.g3 Bb4+ 4.Bd2 Bxd2+ 5.Qxd2 O-O 6.Nf3 Ne4 7.Qc2
d5 8.Bg2 Nd7 9.O-O b6 10.cxd5 exd5 11.Qc6 Ba6 12.Qxd5 Bxe2 13.Qxe4
Bxf1 14.Kxf1 c5 15.Nc3 Nf6 16.Qh4 Rc8 17.Rd1 cxd4 18.Nxd4 Rc4
19.Kg1 Qc8 20.Bf1 Rb4 21.Rd2 Re8 22.a3 Rxb2 23.Rxb2 Qxc3 24.Rc2
Qa1 25.Nf5 h6 26.Qd4 Qb1 27.Qd3 Qa1 28.Rc7 Qe5 29.Rxa7 Ne4 30.Ne3
Qf6 31.Qc2 Ng5 32.Bg2 Qa1+ 33.Nf1 g6 34.h4 Ne6 35.Bd5 Qe5 1-0

[Event "US Open - Weekend Swiss"]
[Site "Vancouver, WA"]
[Date "2012.08.05"]
[Round "4"]
[White "Guadalupe, Francisco (TX)"]
[Black "Sinanan, Joshua (WA)"]
[Result "1/2-1/2"]
[WhiteElo "2305"]
[BlackElo "2263"]
[PlyCount "50"]

1.e4 c5 2.Nf3 e6 3.d4 cxd4 4.Nxd4 a6 5.Bd3 Bc5 6.Nb3 Be7 7.Nc3
d6 8.O-O Nf6 9.f4 Nc6 10.Qf3 O-O 11.Be3 Qc7 12.g4 Nd7 13.Qh3
Nb4 14.Rac1 b5 15.a3 Nxd3 16.cxd3 Qd8 17.Nd4 Bb7 18.b4 Rc8 19.Rc2
Bf6 20.Rfc1 Bxd4 21.Bxd4 e5 22.Be3 exf4 23.Bxf4 Ne5 24.Qg3 f6
25.h3 Qd7 1/2-1/2

[Event "US Open - Weekend Swiss"]
[Site "Vancouver, WA"]
[Date "2012.08.05"]
[Round "4"]
[White "Varner, Murlin (WA)"]
[Black "Fields, Noah (WA)"]
[Result "1-0"]
[WhiteElo "1663"]
[BlackElo "1837"]
[PlyCount "123"]

1.c4 e5 2.Nc3 Nf6 3.g3 Bb4 4.Bg2 O-O 5.e4 d6 6.Nge2 Be6 7.b3
{%08DA} Qd7 8.a3 Bc5 9.d4 exd4 10.Nxd4 Bh3 11.Bxh3 Qxh3 12.Be3
Qg2 13.Qf3 Qxf3 14.Nxf3 Bxe3 15.fxe3 Re8 16.Nd2 Nbd7 17.b4 a6
18.Ke2 Ne5 19.Nd5 Nxd5 20.cxd5 Ng4 21.Rac1 Rac8 22.Rc4 Re7 23.h3
Nf6 24.Rhc1 Kf8 25.Kd3 Ke8 {=} 26.g4 Kd8 27.g5 Nd7 28.Nf3 Ne5+
29.Nxe5 Rxe5 30.h4 Kd7 {%02$14/=} 31.Rf1 Re7 32.Rfc1 Re5 33.Rf1
Re7 34.Rfc1 Ke8 35.Rf1 Kf8 36.h5 Kg8 37.Rc2 g6 38.hxg6 fxg6 39.Rf6
Rf8 40.Rcf2 Rxf6 41.gxf6 Rf7 42.Kd4 Kf8 43.e5 Ke8 44.e6 Rf8 45.e4
Rh8 46.e5 h5 47.Ke4 g5 48.Kf5 ( 48.Rc2 Kd8 49.e7+ Kc8 50.f7 )
g4 49.Kg6 g3 50.Rg2 ( 50.exd6 Kd8 51.Rc2 cxd6 52.Kg7 ) h4 51.Kg7
Rf8 52.e7 ( 52.exd6 c6 53.f7+ Kd8 54.e7+ Kd7 55.exf8Q ) Rf7+
53.Kg6 dxe5 54.Rc2 h3 ( 54...Rxe7 55.fxe7 Kxe7 56.Rg2 Kd6 57.Kg5 )
55.Rxc7 Rxe7 56.Rxe7+ Kf8 57.Rf7+ Kg8 58.Rg7+ Kf8 59.f7 g2 60.Rg8+
Ke7 61.f8Q+ Kd7 62.Rg7# 1-0

[Event "US Open - Weekend Swiss"]
[Site "Vancouver, WA"]
[Date "2012.08.05"]
[Round "5"]
[White "Raptis, Nick (OR)"]
[Black "Sinanan, Joshua (WA)"]
[Result "1-0"]
[WhiteElo "2309"]
[BlackElo "2263"]
[PlyCount "46"]

1.Nf3 Nf6 2.g3 e6 3.Bg2 d5 4.c4 Be7 5.O-O O-O 6.d4 c6 7.Nc3 Nbd7
8.b3 b6 9.Bb2 Bb7 10.Qc2 Rc8 11.Rfd1 b5 12.Nd2 ( 12.e4 dxc4 13.bxc4
bxc4 14.Qa4 Nb6 15.Qxa7 Qc7 16.Qa5 Ra8 17.Qe5 Bd6 18.Qg5 Bb4
19.Qe3 Bxc3 20.Bxc3 Ra3 21.d5 Rxc3 22.Qxc3 cxd5 23.exd5 Nbxd5
24.Qd4 c3 25.Ne1 Qa5 26.Nc2 h6 27.a3 Rc8 28.Rdc1 Ba6 29.Rab1
Qc7 30.Bf1 Bxf1 31.Kxf1 Ra8 32.Kg1 h5 33.a4 e5 34.Qh4 e4 {1/2-1/2, Marques Vinicius (BRA) 2365 - Borges Leomar Barbero (BRA) 2289, San Jose de Rio Preto (Brazil) 2003}
) b4 13.Na4 c5 14.Rac1 cxd4 15.Bxd4 Qa5 16.Qb1 Bc6 17.cxd5 exd5
18.Nb2 Nc5 19.Nd3 Nce4 20.Qb2 Bb5 21.Nxe4 dxe4 22.Nf4 Rfd8 23.Bh3
Rc6 24.Rxc6 Bxc6 25.Rc1 Bb5 26.e3 h6 27.Bf1 Bxf1 28.Kxf1 Qb5+
29.Kg2 a5 30.Rc7 Rd7 31.Qc2 Qf5 32.Bxf6 Rxc7 33.Qxc7 Bxf6 34.h3
h5 35.h4 g6 36.Qc4 Kg7 37.Qd5 Be5 38.Qxa5 Bxf4 39.Qxf5 gxf5 40.gxf4
Kf6 41.Kf1 Ke6 42.Ke2 Kd5 43.Kd2 Kc5 44.Kc2 Kb5 45.Kb2 Ka5 46.a4
Kb6 47.Kc2 Kc5 48.Kd2 Kd5 49.Ke2 Kd6 50.f3 Ke6 51.fxe4 fxe4 52.f5+
Kxf5 53.a5 1-0